|
|
|
|
| LEADER |
00000cam a2200000 a 4500 |
| 001 |
vtls001096591 |
| 003 |
SK-MaSNL |
| 005 |
20260301153410.0 |
| 008 |
240611s1995 xo a ara 000 j slo |
| 015 |
|
|
|a SNBA1996/0200360
|
| 020 |
|
|
|a 8071463019
|
| 035 |
|
|
|a SNK000039433
|
| 035 |
|
|
|a urn:nbn:sk:snk-amlkv8
|
| 035 |
|
|
|a urn:nbn:sk:snk-am00bpxi
|
| 035 |
|
|
|a 4DB59BD5-372A-448E-B042-E0838C64CE22
|
| 040 |
|
|
|a SNK
|b slo
|c SNK
|e AACR2
|
| 041 |
0 |
|
|a slo
|h und
|
| 044 |
|
|
|a xo
|c SK
|
| 080 |
|
|
|a 820/899 (100)-3(087.5)
|2 1981
|
| 245 |
0 |
0 |
|a Rozprávkový venček
|c preklad Mária Štefánková
|
| 250 |
|
|
|a Slov. vyd.
|
| 260 |
|
|
|a Bratislava
|b Junior
|c 1995
|
| 300 |
|
|
|a [64] s.
|b ilustr.
|c 31 cm
|
| 500 |
|
|
|a Názov prevzatý z obalu
|
| 500 |
|
|
|a Obsahuje biografické informácie o autoroch
|
| 655 |
|
7 |
|a rozprávky
|2 SNKPH
|9 70597
|
| 655 |
|
7 |
|a autorské rozprávky
|2 SNKPH
|9 70727
|
| 655 |
|
7 |
|a literatúra pre deti
|2 SNKPH
|9 87135
|
| 700 |
1 |
|
|a Andersen, Hans Christian,
|d 1805-1875
|4 aut
|9 243296
|
| 700 |
1 |
|
|a Grimm, Jacob,
|d 1785-1863
|4 aut
|9 108277
|
| 700 |
1 |
|
|a Grimm, Wilhelm,
|d 1786-1859
|4 aut
|9 108278
|
| 700 |
1 |
|
|a Perrault, Charles,
|d 1628-1703
|4 aut
|9 103253
|
| 700 |
1 |
|
|a Štefánková, Mária,
|d 1951-
|4 trl
|9 86067
|
| 852 |
|
|
|a Slovenská národná knižnica
|
| 919 |
|
|
|a 80-7146-301-9
|
| 954 |
|
|
|a beletria cudzojazyčná (svetová)
|2 lita
|
| 958 |
|
|
|a TL
|
| 958 |
|
|
|a UP
|
| 958 |
|
|
|a NS
|
| 958 |
|
|
|a LX
|
| 958 |
|
|
|a DB
|
| 958 |
|
|
|a FR
|
| 968 |
|
|
|b FR
|
| 999 |
|
|
|c 792811
|d 794741
|
| 952 |
|
|
|t P60, <09>, [BOOK], {629}
|a SNK
|b SNK
|y NEVYP
|7 0
|o snkB 1237
|i snk4048/951195
|0 0
|1 0
|4 0
|d 1995-11-29
|l 0
|r 2004-12-31 00:00:00
|w 2026-02-24
|
| 952 |
|
|
|t P60, <03>, [BOOK], {603}
|a SNK
|b SNK
|y PREZ
|7 0
|p 17A0970404
|o snkSB 54780
|i snkKSP 9899/95
|0 0
|1 0
|4 0
|d 1995-11-29
|f 1
|l 0
|r 2025-03-26 00:00:00
|w 2026-02-24
|
| 952 |
|
|
|t P60, <05>, [BOOK], {605}
|a SNK
|b SNK
|y PREZ
|7 0
|p 17A0076870
|o snkSB 54780 D1
|i snkKSP 9900/95
|0 0
|1 0
|4 0
|d 1995-11-29
|l 0
|r 2004-12-31 00:00:00
|w 2026-02-24
|